Los inicios del paleolitico superior cantabrico /

Guardado en:
Autor Principal: Bernaldo De Quiros Guidotti, Federico
Formato: Libro
Publicado: Madrid : Ministerio De Cultura, 1982
Series:Centro De Investigacion..., 8
Materias:
Etiquetas: Agregar Etiqueta
Sin Etiquetas, Sea el primero en etiquetar este registro!
LEADER 00581nam a22001695a 4500
001 EHU.bham004413
003 AR-BHAM
005 20080218150435.0
008 130507s1982##################000#0#####d
082 5 7 |a 571.1 
100 1 |a Bernaldo De Quiros Guidotti, Federico 
245 1 0 |a Los inicios del paleolitico superior cantabrico /  |c Federico Bernaldo De Quiros Guidotti. 
260 |a Madrid :  |b Ministerio De Cultura,  |c 1982 
300 |a 348 p. 
490 0 |a Centro De Investigacion..., 8 
653 |a Paleolitico [arqueologia] 
859 |a AR-BHAM  |b BIB. HUMANIDADES - General  |h 571.1  |i B456  |p 653.86  |t Ej.1